|
|
|
|
| LEADER |
00000naa2a2200000 4500 |
| 001 |
625794 |
| 005 |
20231101133359.0 |
| 035 |
|
|
|a (RuTPU)RU\TPU\conf\25054
|
| 035 |
|
|
|a RU\TPU\conf\25051
|
| 090 |
|
|
|a 625794
|
| 100 |
|
|
|a 20171220d2017 k y0rusy50 ca
|
| 101 |
0 |
|
|a rus
|
| 102 |
|
|
|a RU
|
| 105 |
|
|
|a y z 101zy
|
| 135 |
|
|
|a drcn ---uucaa
|
| 181 |
|
0 |
|a i
|
| 182 |
|
0 |
|a b
|
| 200 |
1 |
|
|a Особенности добычи углеводородов на Арктическом шельфе
|f Л. П. Дробот
|g науч. рук. П. Н. Дробот
|
| 203 |
|
|
|a Текст
|c электронный
|
| 225 |
1 |
|
|a Природные ресурсы Арктики и их освоение
|
| 230 |
|
|
|a 1 компьютерный файл (pdf; 569 Kb)
|
| 300 |
|
|
|a Заглавие с титульного экрана
|
| 320 |
|
|
|a [Библиогр.: с. 140 (2 назв.)]
|
| 463 |
|
1 |
|0 (RuTPU)RU\TPU\conf\23047
|t Творчество юных - шаг в успешное будущее
|o Арктика и её освоение
|o материалы X Всероссийской научной молодежной конференции с международным участием с элементами научной школы имени профессора М.К. Коровина, г. Томск, 29 мая-2 июня 2017 г.
|f Национальный исследовательский Томский политехнический университет (ТПУ), Институт природных ресурсов (ИПР) ; под ред. А. С. Боева
|v [С. 139-140]
|d 2017
|
| 610 |
1 |
|
|a электронные ресурсы
|
| 610 |
1 |
|
|a Арктика
|
| 610 |
1 |
|
|a континентальные шельфы
|
| 610 |
1 |
|
|a добыча
|
| 610 |
1 |
|
|a нефть
|
| 610 |
1 |
|
|a газ
|
| 610 |
1 |
|
|a геологоразведочные работы
|
| 700 |
|
1 |
|a Дробот
|b Л. П.
|
| 702 |
|
1 |
|a Дробот
|b П. Н.
|4 727
|
| 801 |
|
2 |
|a RU
|b 63413507
|c 20171226
|g RCR
|
| 856 |
4 |
|
|u http://earchive.tpu.ru/handle/11683/45579
|
| 942 |
|
|
|c BK
|